Las figuras bartheanas y el discurso amoroso en Estación de Fiebrede Ana Istarú
Gardado en:
| Autor Principal: | |
|---|---|
| Formato: | Libro |
| Idioma: | Undetermined |
| Publicado: |
San José, Costa Rica
Universidad de Costa Rica, Escuela de Filología, Lingüística y Literatura
1998
|
| Materias: | |
| Etiquetas: |
Engadir etiqueta
Sen Etiquetas, Sexa o primeiro en etiquetar este rexistro!
|
MARC
| LEADER | 00000nam a2200000Ia 4500 | ||
|---|---|---|---|
| 008 | 170316s9999 xx 000 0 und d | ||
| 040 | |a cru BVZT | ||
| 090 | |a Tesis 601 | ||
| 100 | |a Montero Bolaños, María Gabriela | ||
| 245 | |a Las figuras bartheanas y el discurso amoroso en Estación de Fiebrede Ana Istarú | ||
| 260 | |a San José, Costa Rica | ||
| 260 | |b Universidad de Costa Rica, Escuela de Filología, Lingüística y Literatura | ||
| 260 | |c 1998 | ||
| 300 | |a 141 páginas | ||
| 650 | |a LICENCIATURA EN FILOLOGÍA ESPAÑOLA | ||
| 650 | |a TRABAJO FINAL DE GRADUACIÓN | ||
| 999 | |c 14253 |d 14253 | ||
| 942 | |c TFG |h Tesis 601 |2 z | ||
